| 000 | 00377cam a2200145ua 4500 | ||
|---|---|---|---|
| 041 |
_aeng _h |
||
| 082 |
_a923 _bMIS/VI |
||
| 100 | _aMisra, B R . | ||
| 245 |
_aV for Vinoba: The economics of the bhoodan movement / _cB R Misra. _hTextual Documents |
||
| 260 |
_aMumbai : _bOrient-Longman Ltd , _c1956. |
||
| 300 | _a67 ; . | ||
| 504 | _a | ||
| 942 | _cBK | ||
| 999 |
_c6190 _d6190 |
||